000
00224nam a22000977a 4500
003
OSt
008
200922b ||||| |||| 00| 0 eng d
100
_a
Neelakanda Pillai, Karoor
_9
4758
245
_a
Karoor Kathakal
942
_c
BK
999
_c
16327
_d
16327